000 01149nam2a22002651 4500
001 RU\NLR\INFOCOMM6\1000418383
005 20250617045701.0
035 _a(NLR Aleph) 002464257
090 _a2280122
_c2280122
100 _a20040402d1979 |||y0rusy50 ca
101 0 _arus
102 _aRU
105 _ay |||||||||
200 1 _aДвумерные калибровочные поля с независимыми в каждой точке значениями напряженности
_fА.И. Оксак
210 _d1979
_aБ. м.
225 1 _aОТФ
461 0 _1001RU\NLR\INFOCOMM6\1000416985
_12001#$a[Издания]$fИн-т физики высоких энергий. ИФВЭ$v1979, 59
_93998336
_aИнститут физики высоких энергий (пос. Протвино, Московская обл.)
_cСерпухов
_d1967-
_fИн-т физики высоких энергий. ИФВЭ
_t[Издания]
_v1979, 59
700 1 _aОксак
_bА.И.
_4070
801 1 _aRU
_bInfoComm
_c20040402
801 0 _aRU
_bNLR
_gPSBO
852 _aNLR
_jП7/1175
942 _cISSUE
980 _aNB
980 _aRUSPER